1693 1538 1913 1863 1154 1773 1178 1256 1786 1829 1842 1173 1453 1283 1832 1940 1343 1637 1764 1783 1993 1404 1478 1452 1048 1676 1438 1128 1228 1372 1281 1585 1789 1881 1722 1471 1219 1885 1535 1962 1618 1473 1486 1948 1012 1774 1631 1919 1581 1972 1464 1016 1317 1381 1238 1435 1980 1912 1510 1180 1178 1817 1313 1228 1536 1196 1643 1683 1114 1812 1406 1209 1155 1853 1981 1187 1988 1968 1740 1194 1396 1274 1605 1999 1021 1072 1057 1815 1403 1878 1700 1542 1069 1988 1706 1083 1573 1140 1316 BCNSPRNW ULIB Ver.6.0+V

เปลี่ยนเป็นภาษาไทย

Change to English
 แสดงรายละเอียดบรรณานุกรม
  กลับหน้าหลัก

Brief Record : Get Marc (ISO 2709) : E-mail record : QR code < ปิดหน้าต่าง
LEADER : 00000nam 2200000uu 4500
001    13399127442
003     ULIB
008    200525s2562||||th 000 0 tha d
020    ^a9786167380100
050 04 ^aPE1128^bก671ส
100 0  ^aกิตติ์ จิรติกุล
245 10 ^aสอบติดพิชิต TOEFL iTP /^bกิตติ์ จิรติกุล
260    ^aกรุงเทพฯ :^bบุ๊คเฟิสท์,^c2562
300    ^a286 หน้า :^bภาพประกอบ ;^c30 ซม. +^eซีดี-รอม 1 แผ่น
650  0 ^aEnglish language^xExaminations, questions, etc.
650  0 ^aEnglish language^xGrammar
650  0 ^aEnglish language^xUsage
650  0 ^aTest of English as a Foreign Language
650  4 ^aภาษาอังกฤษ^xข้อสอบและเฉลย
650  4 ^aภาษาอังกฤษ^xไวยากรณ์
650  4 ^aภาษาอังกฤษ^xการใช้ภาษา
650  4 ^aโทเฟล
653    ^aTOEFL
945    ^p0^l0^i28322
999    ^aกัณชพร จุลอักษร
รายการนี้ยังไม่มีแท็ก
คุณยังไม่ได้ล็อกอิน คุณสามารถมีกิจกรรมร่วมกับเว็บไซต์ได้ แต่ต้องล็อกอินก่อน ::
  ล็อกอิน

รายการสื่อสารสนเทศ

ลำดับที่ ประเภท เลขเรียก/บาร์โค้ด สถานที่ สถานะ
1. หนังสือสำรอง
หนังสือสำรอง
PE1128 ก671ส ฉ.1 
  Barcode: 28322
ห้องสมุดวิทยาเขตนครสวรรค์
►หนังสือทั่วไป:l:General Books
บนชั้น

รายการใกล้เคียง
    ผู้แต่ง [กิตติ์ จิรติกุล]

    หัวเรื่อง [English language Grammar]
    หัวเรื่อง [Test of English as a Foreign Language]
    หัวเรื่อง [ภาษาอังกฤษ การใช้ภาษา]
    หัวเรื่อง [โทเฟล]

BibComment


ยังไม่เคยถูกคอมเมนท์

คอมเมนท์ทรัพยากรรายการนี้
  คอมเมนท์: สอบติดพิชิต TOEF..


 Copyright 2026. Bcnsprnw @Library